| 000 | 00608nam a22001937a 4500 | ||
|---|---|---|---|
| 005 | 20251108165914.0 | ||
| 008 | 250721s1991 xx 000 0 ara d | ||
| 082 | 1 | 4 | _aط/599.74/صوف |
| 100 | 1 |
_aصوفان، أحمد _eمعد |
|
| 245 | 1 | 0 | _aالدب / |
| 264 | 1 |
_aبيروت : _bالمؤسسه العربيه للدراسات و النشر، _c1991. |
|
| 300 | _a32ص : مص | ||
| 490 | 0 |
_aحيوانات العالم _v7 |
|
| 650 | 1 | 7 | _aالدبيات ( فصيله ) |
| 653 | _aناشئون صغار (سنة14-10) | ||
| 700 | 1 | _aجار الله، هانئه | |
| 942 |
_2ddc _cBK |
||
| 999 |
_c34415 _d34415 |
||